| 000 | 00541nam a22001817a 4500 | ||
|---|---|---|---|
| 003 | 0 | ||
| 005 | 20260205143839.0 | ||
| 008 | 260205b xxu||||| |||| 00| 0 eng d | ||
| 050 |
_aTR 158.1 _bZ58 2016 |
||
| 082 |
_aTR 158.1 _bZ58 2016 |
||
| 100 | _aZiglar, Zig | ||
| 245 |
_aSomething to smile about : _bencouragement and inspiration for life's ups and downs / _cZig Ziglar. |
||
| 260 |
_aMakati City : _bCross Over Books, _c2016. |
||
| 300 |
_a215 pages ; _c16 cm. |
||
| 650 | _aEncouragement. | ||
| 650 | _aInspiration. | ||
| 942 |
_2ddc _cBK |
||
| 999 |
_c368823 _d368823 |
||